| 000 | 00647nam a22002297a 4500 | ||
|---|---|---|---|
| 003 | OSt | ||
| 005 | 20140310181706.0 | ||
| 008 | 121121t xxu||||| |||| 00| 0 eng d | ||
| 020 | _a0064403688 | ||
| 050 |
_aPZ 7 _b.P273Jac 1980 |
||
| 082 |
_aKF _bP27j 1980 |
||
| 100 |
_aPaterson, Katherine _9578 |
||
| 245 |
_aJacob have I loved / _cKatherine Paterson |
||
| 260 |
_aNew York : _bHarperTrophy, _cc1980. |
||
| 300 |
_a244 p. _c19 cm. |
||
| 541 | _j1 | ||
| 562 | _e1 | ||
| 650 |
_a Twins _xFiction _96380 |
||
| 650 |
_aBrothers and sisters _xFiction _96381 |
||
| 650 |
_aChesapeake Bay region _xFiction _96382 |
||
| 942 |
_2lcc _cBK-KF _kKF |
||
| 999 |
_c1321 _d1321 |
||